| 000 | 00666nam a22002177a 4500 | ||
|---|---|---|---|
| 003 | 0 | ||
| 005 | 20250826132751.0 | ||
| 008 | 250826b xxu||||| |||| 00| 0 eng d | ||
| 020 | _a979-8-89366-091-3 | ||
| 050 |
_aPN 4801 _b.W57 2025 |
||
| 100 |
_aWise, Aniyah, _eauthor. |
||
| 245 |
_aPrint, newspapers and the public / _cAniyah Wise. |
||
| 260 |
_aBrooklyn, NY : _bStates Academic Press, _c2025. |
||
| 300 |
_a394 pages : _billustrations ; _c23 cm. |
||
| 504 | _aIncludes bibliographical references and index. | ||
| 650 |
_aPress _xHistory. |
||
| 650 |
_aLocal mass media _xHistory. |
||
| 650 | _aJournalism. | ||
| 650 |
_aPress _xManagement. |
||
| 942 |
_2lcc _cBK |
||
| 999 |
_c367616 _d367616 |
||